[Event "St Chely d'Aubrac op 11th"]
[Site "St Chely d'Aubrac"]
[Date "2011.07.11"]
[Round "3"]
[White "Joyeux, Gerard"]
[Black "Huin, Eric"]
[Result "0-1"]
[WhiteElo "1633"]
[BlackElo "1869"]
[PlyCount "68"]
[EventDate "2011.07.09"]
[EventType "swiss"]
[EventRounds "7"]
[EventCountry "FRA"]
[SourceTitle "CBM 143 Extra"]
[Source "ChessBase"]
[SourceDate "2011.08.29"]
[SourceVersion "1"]
[SourceVersionDate "2011.08.29"]
[SourceQuality "1"]

1. d4 Nf6 2. Nc3 g6 3. e4 d6 4. Bg5 Bg7 5. Qd2 c6 6. Bh6 0-0 7. Bxg7 Kxg7 8. h4 h5 9. 0-0-0 b5 10. f3 Qa5 11. Kb1 Nbd7 12. g4 b4 13. Nce2 Rb8 14. Nc1 Qb6 15. gxh5 Nxh5 16. Nge2 c5 17. Nf4 Rh8 18. Nxh5+ Rxh5 19. Be2 Nf6 20. e5 Nd5 21. Nb3 Be6 22. f4 c4 23. Bxh5 c3 24. Qf2 cxb2 25. Kxb2 Qa6 26. Kc1 Nc3 27. Rdg1 Qa3+ 28. Kd2 Ne4+ 29. Ke2 Nxf2 30. Kxf2 Qxa2 31. Bxg6 fxg6 32. h5 Qxc2+ 33. Ke1 Bxb3 34. hxg6 Qe4+ 0-1

[Event "St Chely d'Aubrac op 9th"]
[Site "St Chely d'Aubrac"]
[Date "2009.07.12"]
[Round "2"]
[White "Riff, Jean Noel"]
[Black "Huin, Eric"]
[Result "1-0"]
[WhiteElo "2505"]
[BlackElo "1909"]
[PlyCount "57"]
[EventDate "2009.07.11"]
[EventType "swiss"]
[EventRounds "9"]
[EventCountry "FRA"]
[SourceTitle "EXT 2010"]
[Source "ChessBase"]
[SourceDate "2010.11.25"]
[SourceVersion "1"]
[SourceVersionDate "2010.11.25"]
[SourceQuality "1"]

1. e4 e5 2. Nf3 Nc6 3. Bb5 a6 4. Ba4 Nf6 5. 0-0 Be7 6. Re1 b5 7. Bb3 0-0 8. h3 d5 9. exd5 Nxd5 10. Nxe5 Nxe5 11. Rxe5 Nb6 12. d3 c5 13. c3 Bd6 14. Re3 Bc7 15. Nd2 Qd6 16. Nf1 Bb7 17. Qg4 Nd5 18. Rg3 Qf6 19. Rf3 Qb6 20. Bg5 Qg6 21. Qf5 Nf4 22. Rxf4 Bxf4 23. Qxg6 hxg6 24. Bxf4 Rad8 25. Rd1 c4 26. dxc4 Rxd1 27. Bxd1 Rd8 28. Be2 Re8 29. Be3 1-0

[Event "St Chely d'Aubrac op 8th"]
[Site "St Chely d'Aubrac"]
[Date "2008.07.17"]
[Round "7"]
[White "Rabier, Jean"]
[Black "Huin, Eric"]
[Result "1/2-1/2"]
[WhiteElo "1914"]
[BlackElo "1956"]
[PlyCount "87"]
[EventDate "2008.07.13"]
[EventType "swiss"]
[EventRounds "9"]
[EventCountry "FRA"]
[SourceTitle "CBM 125 Extra"]
[Source "ChessBase"]
[SourceDate "2008.09.01"]
[SourceVersion "1"]
[SourceVersionDate "2008.09.01"]
[SourceQuality "1"]

1. e4 e5 2. Nf3 Nc6 3. Bb5 a6 4. Bxc6 dxc6 5. 0-0 Qd6 6. d4 exd4 7. Nxd4 Bd7 8. Ne2 0-0-0 9. Qxd6 Bxd6 10. Bf4 f6 11. Bxd6 cxd6 12. Rd1 Bg4 13. f3 Bh5 14. c4 Ne7 15. Nbc3 Bf7 16. b3 g5 17. Rac1 Kb8 18. Rc2 Rhe8 19. Rcd2 Kc7 20. Ng3 Bg6 21. Nf1 h5 22. Ne3 f5 23. c5 dxc5 24. Rxd8 Rxd8 25. Rxd8 Kxd8 26. Nc4 fxe4 27. Nxe4 Bxe4 28. fxe4 Ng6 29. g3 b5 30. Nb2 Ne5 31. a4 c4 32. bxc4 bxc4 33. Nd1 Nd3 34. Nc3 Ke7 35. Kf1 Kd6 36. Ke2 Ke5 37. Ke3 a5 38. Ne2 c5 39. Nc3 g4 40. Nd1 Nb4 41. Nc3 Nc2+ 42. Kd2 Nd4 43. Ke3 Nf3 44. h4 1/2-1/2

[Event "St Chely d'Aubrac op 8th"]
[Site "St Chely d'Aubrac"]
[Date "2008.07.14"]
[Round "2"]
[White "Huin, Eric"]
[Black "Saucey, Michel"]
[Result "1/2-1/2"]
[WhiteElo "1956"]
[BlackElo "2348"]
[PlyCount "61"]
[EventDate "2008.07.13"]
[EventType "swiss"]
[EventRounds "9"]
[EventCountry "FRA"]
[SourceTitle "CBM 125 Extra"]
[Source "ChessBase"]
[SourceDate "2008.09.01"]
[SourceVersion "1"]
[SourceVersionDate "2008.09.01"]
[SourceQuality "1"]

1. Nf3 g6 2. d4 Bg7 3. Bf4 d6 4. e3 Nd7 5. c3 e5 6. dxe5 dxe5 7. Bg3 Ne7 8. h3 0-0 9. Bc4 Nf5 10. Bh2 Nd6 11. Bb3 e4 12. Nd4 Ne5 13. Bxe5 Bxe5 14. Nd2 Qg5 15. Qe2 c5 16. Nb5 Nxb5 17. Qxb5 Qxg2 18. 0-0-0 Bf5 19. Qe2 Bg3 20. Rdf1 Bh4 21. Rhg1 Qh2 22. Qh5 Bxf2 23. Qxf5 Bxg1 24. Bxf7+ Kg7 25. Qf6+ Kh6 26. Rf4 Qxf4 27. Qxf4+ Kg7 28. Qg3 Rxf7 29. Qxg1 Re8 30. Qg2 Rfe7 31. Kc2 1/2-1/2

[Event "St Chely d'Aubrac op 7th"]
[Site "St Chely d'Aubrac"]
[Date "2007.07.15"]
[Round "2"]
[White "Deschler, Fabrice"]
[Black "Huin, Eric"]
[Result "1-0"]
[WhiteElo "2151"]
[BlackElo "1929"]
[PlyCount "107"]
[EventDate "2007.07.07"]
[EventType "swiss"]
[EventRounds "9"]
[EventCountry "FIN"]
[SourceTitle "EXT 2008"]
[Source "ChessBase"]
[SourceDate "2007.11.25"]
[SourceVersion "1"]
[SourceVersionDate "2007.11.25"]
[SourceQuality "1"]

1. d4 Nf6 2. c4 g6 3. Nc3 Bg7 4. e4 d6 5. Nf3 0-0 6. Be2 e5 7. Be3 Nc6 8. d5 Ne7 9. Nd2 Nd7 10. 0-0 f5 11. f3 f4 12. Bf2 Nf6 13. c5 g5 14. Nc4 Ng6 15. cxd6 cxd6 16. a4 Rf7 17. Nb5 Bf8 18. Nxa7 Bd7 19. Nb5 Bxb5 20. axb5 Rxa1 21. Qxa1 g4 22. Kh1 h5 23. Qa5 Qe7 24. Qa8 h4 25. Bb6 Rh7 26. Qd8 h3 27. Qxe7 Bxe7 28. g3 fxg3 29. hxg3 Nh5 30. Kh2 Ngf4 31. fxg4 Nxg3 32. Kxg3 Nxe2+ 33. Kh2 Bg5 34. Be3 Rc7 35. Bxg5 Rxc4 36. Rf6 Rxe4 37. Kxh3 Rb4 38. Rxd6 Rxb5 39. Rd8+ Kf7 40. d6 e4 41. Be7 Nf4+ 42. Kg3 Ne6 43. Rh8 Rb3+ 44. Kf2 e3+ 45. Ke1 Kg7 46. Rh2 Rd3 47. Rc2 Nd4 48. Rc3 Rxc3 49. bxc3 Nf3+ 50. Ke2 Ne5 51. g5 Kf7 52. Kxe3 Ke6 53. Kd4 Nc6+ 54. Kc5 1-0

[Event "St Chely d'Aubrac op 7th"]
[Site "St Chely d'Aubrac"]
[Date "2007.07.14"]
[Round "1"]
[White "Huin, Eric"]
[Black "Godard, Steven"]
[Result "1-0"]
[WhiteElo "1929"]
[BlackElo "1499"]
[PlyCount "95"]
[EventDate "2007.07.07"]
[EventType "swiss"]
[EventRounds "9"]
[EventCountry "FIN"]
[SourceTitle "EXT 2008"]
[Source "ChessBase"]
[SourceDate "2007.11.25"]
[SourceVersion "1"]
[SourceVersionDate "2007.11.25"]
[SourceQuality "1"]

1. e4 c6 2. d4 d5 3. Nc3 dxe4 4. Nxe4 Bf5 5. Ng3 Bg6 6. f4 e6 7. Nf3 Nd7 8. Bd3 Bxd3 9. Qxd3 Ngf6 10. 0-0 Be7 11. f5 exf5 12. Nxf5 0-0 13. Nxe7+ Qxe7 14. Bf4 Rfe8 15. Rae1 Qb4 16. a3 Qb6 17. b4 Rxe1 18. Rxe1 Re8 19. Rxe8+ Nxe8 20. Ng5 Ndf6 21. c4 h6 22. Nf3 Qd8 23. Ne5 g5 24. Be3 Nd6 25. Qb3 Nf5 26. Qd3 Nxe3 27. Qxe3 Qe7 28. Kf2 Nd7 29. Ng4 Qxe3+ 30. Kxe3 Kg7 31. Ke4 Nf6+ 32. Nxf6 Kxf6 33. d5 cxd5+ 34. Kxd5 Ke7 35. c5 f5 36. b5 f4 37. Ke5 Kd7 38. Kf5 a6 39. a4 Ke7 40. h3 a5 41. Kg6 Ke6 42. Kxh6 Kd5 43. c6 bxc6 44. bxc6 Kxc6 45. Kxg5 Kc5 46. h4 Kb4 47. h5 Kxa4 48. h6 1-0

[Event "Fouesnant op 12th"]
[Site "Fouesnant"]
[Date "2006.11.03"]
[Round "8"]
[White "Huin, Eric"]
[Black "Toux, Stephane"]
[Result "0-1"]
[WhiteElo "1938"]
[BlackElo "1877"]
[PlyCount "58"]
[EventDate "2006.10.28"]
[EventType "swiss"]
[EventRounds "9"]
[EventCountry "FRA"]
[SourceTitle "EXT 2008"]
[Source "ChessBase"]
[SourceDate "2007.11.25"]
[SourceVersion "1"]
[SourceVersionDate "2007.11.25"]
[SourceQuality "1"]

1. e4 e6 2. d4 d5 3. Nc3 Bb4 4. Bd3 dxe4 5. Bxe4 Nf6 6. Bg5 c5 7. Nge2 h6 8. Bxf6 Qxf6 9. dxc5 Bxc5 10. 0-0 0-0 11. Bd3 Bb6 12. a4 a6 13. Ng3 Bd7 14. Nge4 Qh4 15. g3 Qh3 16. Ne2 e5 17. a5 Ba7 18. Bc4 Bc6 19. Bd5 Bxd5 20. Qxd5 Nc6 21. Ra3 Rad8 22. Qb3 Qf5 23. Ra4 Rd7 24. g4 Qxg4+ 25. N2g3 Nd4 26. Qa2 Nf3+ 27. Kh1 Qh3 28. Nf6+ gxf6 29. Rg4+ Qxg4 0-1

[Event "Fouesnant op 11th"]
[Site "Fouesnant"]
[Date "2005.10.29"]
[Round "9"]
[White "Huin, Eric"]
[Black "Schmouchkovitch, Michel"]
[Result "1-0"]
[WhiteElo "1906"]
[BlackElo "1957"]
[PlyCount "112"]
[EventDate "2005.10.22"]
[EventType "swiss"]
[EventRounds "9"]
[EventCountry "FRA"]
[SourceTitle "EXT 2007"]
[Source "ChessBase"]
[SourceDate "2006.11.23"]
[SourceVersion "1"]
[SourceVersionDate "2006.11.23"]
[SourceQuality "1"]

1. e4 c6 2. d4 d5 3. Nc3 dxe4 4. Nxe4 Nd7 5. Nf3 Ngf6 6. Nxf6+ Nxf6 7. Bd3 Bg4 8. c3 e6 9. h3 Bxf3 10. Qxf3 Bd6 11. Bg5 0-0 12. 0-0 Be7 13. a3 Nd5 14. Bd2 Bf6 15. Rad1 b5 16. Be4 Rc8 17. b3 Qd7 18. Qd3 g6 19. c4 Ne7 20. Bc3 Bg7 21. Qf3 Rfe8 22. Rfe1 Qc7 23. Rc1 Qb6 24. Red1 a5 25. b4 a4 26. c5 Qc7 27. Bd2 Qd7 28. Bf4 Nd5 29. Bd6 Bf8 30. Bxd5 exd5 31. Bxf8 Kxf8 32. Re1 Re6 33. Re3 Rce8 34. Rce1 Rxe3 35. Rxe3 Rxe3 36. fxe3 Qe6 37. Kf2 Kg7 38. Qf4 h6 39. h4 Kh7 40. Kf3 Kg7 41. g4 Qe7 42. g5 hxg5 43. hxg5 Qe6 44. Qe5+ Kf8 45. Qxe6 fxe6 46. Kf4 e5+ 47. Kxe5 Ke7 48. Kf4 Kd7 49. Ke5 Ke7 50. Kf4 Kd7 51. e4 Ke6 52. Ke3 Kd7 53. exd5 cxd5 54. Kf4 Ke6 55. c6 Kd6 56. c7 Kxc7 1-0

[Event "Paris Apsap op 50th"]
[Site "Paris"]
[Date "2002.??.??"]
[Round "1"]
[White "Grandmougin, Olivier"]
[Black "Huin, Eric"]
[Result "1-0"]
[WhiteElo "2100"]
[BlackElo "1880"]
[PlyCount "53"]
[EventDate "2002.02.21"]
[EventType "swiss"]
[EventRounds "9"]
[EventCountry "FRA"]
[SourceTitle "EXT 2003"]
[Source "ChessBase"]
[SourceDate "2002.11.25"]
[SourceVersion "1"]
[SourceVersionDate "2002.11.25"]
[SourceQuality "1"]

1. d4 Nf6 2. c4 g6 3. Nc3 Bg7 4. e4 d6 5. Nf3 0-0 6. Be2 e5 7. 0-0 Nc6 8. d5 Ne7 9. Ne1 Nd7 10. f3 f5 11. g4 Nf6 12. Be3 f4 13. Bf2 g5 14. c5 h5 15. h3 hxg4 16. hxg4 Kf7 17. Nd3 Rh8 18. Qb3 Ng6 19. Rac1 a6 20. cxd6 cxd6 21. Na4 Ne8 22. Nb6 Rb8 23. Nxc8 Rxc8 24. Qxb7+ Rc7 25. Qxa6 Rxc1 26. Rxc1 Nc7 27. Qb7 1-0